In A Week - Hozier, Karen Cowley (All Lyrics) - Statistics

General Stats
  • This quiz has been taken 43 times
  • The average score is 259 of 299
Answer Stats
Answer % Correct
I
100%
in
100%
the
100%
The
100%
We
100%
we
100%
week
100%
When
100%
A
96%
a
96%
be
96%
find
96%
us
96%
you
96%
claim
92%
get
92%
have
92%
home
92%
I'd
92%
insects
92%
made
92%
me
92%
their
92%
they'd
92%
They'd
92%
with
92%
an
88%
And
88%
and
88%
know
88%
known
88%
Like
88%
like
88%
never
88%
that
88%
to
88%
To
88%
After
85%
foxes
85%
hunger
85%
on
85%
Our
85%
our
85%
peace
85%
raven
85%
taste
85%
become
81%
cattle
81%
flowers
81%
for
81%
gets
81%
had
81%
has
81%
here
81%
hours
81%
its
81%
lay
81%
long
81%
or
81%
So
81%
these
81%
weather
81%
years
81%
becoming
77%
corpses
77%
fear
77%
feast
77%
not
77%
show
77%
sleep
77%
slow
77%
this
77%
Two
77%
always
73%
cold
73%
freeze
73%
haven't
73%
heartbeats
73%
hot
73%
inch
73%
moved
73%
reveals
73%
saw
73%
say
73%
sheep
73%
slumber
73%
Such
73%
thaw
73%
we'd
73%
We'd
73%
were
73%
worry
73%
Your
73%
among
69%
creeps
69%
feed
69%
hand
69%
morning
69%
my
69%
them
69%
well
69%
would
69%
yours
69%
damp
65%
going
65%
grass
65%
hungers
65%
land
65%
still
65%
thousand
65%
yields
65%
appeased
62%
buzzards
62%
flesh
62%
found
62%
If
62%
loud
62%
Thrown
62%
teeth
58%
calmly
54%
colour
54%
discreet
54%
No matching quizzes found
Score Distribution
Percent of People with Each Score
Percentile by Number Answered
Your Score History
You have not taken this quiz